Aestimatio the IEB international journal of finance.

Bibliographic Details
Corporate Author: Universidad Complutense de Madrid. Instituto de Estudios Bursatiles
Format: Electronic Journal
Language:English
Published: Madrid : Instituto de Estudios Bursatiles
Subjects:
Online Access:Full text available from Research Library: 01/01/2010 to present

MARC

LEADER 00000nas a2200000 a 4500
001 ssj0000971582
003 WaSeSS
005 20200512172242.0
006 m d
007 cr n
008 121214c20109999sp uu pss 0 0eng c
010 |a  2013267033 
022 |a 2173-1926  |l 2173-0164 
035 |a (WaSeSS)ssj0000971582 
040 |a AU@  |b eng  |c AU@  |d OCLCO  |d CS1  |d CUD  |d OCLCO  |d DOS  |d OCLCF  |d OCLCA  |d OCLCO  |d OCLCQ  |d OCLCO  |d OCLCQ  |d CUS  |d UAB  |d WaSeSS 
041 0 |a eng  |b spa 
042 |a pcc 
050 4 |a HG33  |b .A37 online 
210 0 |a Aestimatio  |b (Madr., Internet) 
222 0 |a Aestimatio  |b (Madrid. Internet) 
245 0 0 |a Aestimatio  |h [electronic resource] :  |b the IEB international journal of finance. 
246 1 0 |a IEB international journal of finance 
260 |a Madrid :  |b Instituto de Estudios Bursatiles 
310 |a Two issues per year 
362 1 |a Began with no. 1 (2010). 
506 |a License restrictions may limit access. 
546 |a Articles in English with titles, abstracts, and keywords also in Spanish. 
588 |a Description based on: No. 1 (2010); title from issue table of contents screen (publisher website, viewed November 29, 2013). 
588 |a Latest issue consulted: No. 6 (2013) (publisher website, viewed November 29, 2013). 
650 0 |a Finance  |v Periodicals. 
650 7 |a Finance.  |2 fast  |0 (OCoLC)fst00924349 
655 0 |a Electronic journals. 
710 2 |a Universidad Complutense de Madrid.  |b Instituto de Estudios Bursatiles. 
776 0 8 |i Print version:  |t Aestimatio  |x 2173-0164 
856 4 0 |z Full text available from Research Library: 01/01/2010 to present  |u https://search.proquest.com/publication/2028810